LIBRARY & INFORMATION CENTRE, KCAET, TAVANUR

ONLINE PUBLIC ACCESS CATALOGUE (OPAC)

Ancient Kerala: Studies in its history and culture / (Record no. 5569)

MARC details
000 -LEADER
fixed length control field 00439cam a2200157ua 4500
041 ## - LANGUAGE CODE
Language code of text/sound track or separate title eng
082 ## - DEWEY DECIMAL CLASSIFICATION NUMBER
Classification number 954.83
Item number KOM/AN
100 ## - MAIN ENTRY--AUTHOR NAME
Personal name Achyutha Menon, Komattil .
245 ## - TITLE STATEMENT
Title Ancient Kerala: Studies in its history and culture /
250 ## - EDITION STATEMENT
Edition statement 1 /
260 ## - PUBLICATION, DISTRIBUTION, ETC. (IMPRINT)
Place of publication Thrissur :
Name of publisher Komattil Achyutha Menon ,
Year of publication 1961.
300 ## - PHYSICAL DESCRIPTION
Number of Pages 396 ; .
942 ## - ADDED ENTRY ELEMENTS (KOHA)
Koha item type Books
Holdings
Withdrawn status Lost status Damaged status Home library Current library Date acquired Full call number Accession Number Koha item type
Withdrawn     KAUAET Sanskrit University 07/04/2012 954.83 4714 Reference
free website counter